000 00652nam a2200241Ia 4500
003 OSt
005 20220925200809.0
006 a|||||r|||| 00| 0
007 ta
008 220923b |||||||| |||| 00| 0 eng d
020 _a0 86003 026 1
037 _cGeneral Book
040 _aRTL
_cRTL
_beng
041 _2eng
_aeng
082 _aX:3M24xM18, M3
100 _aJunankar P N
245 0 _aMarx's economics
260 _aDelhi
_bHaritage Publishers
_c1983
300 _ax,166p
_ccm.
650 _aEconomics Classes Karl Marx
_9230895
942 _hX:3M24xM18, M3
_cGB
_2CC
999 _c537923
_d537923